000 01125namaa2200337 cb4500
001 BV005305351
003 DE-70
005 20251212141534.0
006 m|||| o||u| ||||||
007 tu
007 7
008 920527s1980 a||| |||| 00||| und d
020 _a9780199367337
_9978-0-19-936733-7
024 _a9780199367337
_a978-0-19-936733-7
040 _cRU-10907106
041 _aeng
100 _aMcAuley, Tomás (ed.), Nielsen, Nanette (ed.), Levinson, Jerrold (ed.), Phillips-Hutton, Ariana (ed.)
_4aut
_967987
245 _aThe Oxford Handbook of Western Music and Philosophy
264 _aKettering
_bOxford University Press
_c2020
300 _axv, 1134 Seiten
_bIllustrationen, Notenbeispiele
336 _2rdacontent
_aText
_btxt
337 _2rdamedia
_aComputermedien
_bbc
338 _2rdacarrier
_aOnline Ressource
_bcr
500 _aE-Book / Zugriff nur im Lesesaal
650 _aMusikwissenschaft
_91247
650 _aPhilosophie
650 _aMusik
650 _aMusikphilosophie
_921598
856 _zVolltext
_uhttps://doi.org/10.1093/oxfordhb/9780199367313.001.0001
942 _cEB
_2z
999 _c73442
_d73442